[Event "26th WSCC 2016 Open 50+"]
[Site "Marianske Lazne, Czech Republic - Hotel Cristal and Continental"]
[Date "2016.11.27"]
[Round "8.40"]
[White "Gayson, Peter M"]
[Black "Miculka, Petr"]
[Result "1/2-1/2"]
[WhiteElo "2127"]
[BlackElo "1995"]
[PlyCount "158"]
[EventDate "2016.11.19"]

1. e4 c5 2. Nf3 Nc6 3. d4 cxd4 4. Nxd4 Nf6 5. Nc3 e5 6. Ndb5 d6 7. Bg5 a6 8.
Na3 b5 9. Nd5 Be7 10. Bxf6 Bxf6 11. c4 b4 12. Nc2 a5 13. Qf3 Bg5 14. h4 Bh6 15.
g4 f6 16. Rg1 O-O 17. Qg3 g5 18. h5 Be6 19. Rd1 Rf7 20. Be2 Bf8 21. Qd3 Rb8 22.
b3 Ra8 23. Kf1 Qb8 24. Qd2 Kg7 25. Rg3 h6 26. Rd3 Rb7 27. Qe3 a4 28. Qf3 Rf7
29. Nde3 axb3 30. axb3 Ra2 31. Nf5+ Bxf5 32. Qxf5 Ne7 33. Qe6 Rxc2 34. Rxd6 Qa8
35. Bd3 Rc3 36. c5 Rxc5 37. Bc4 Rxc4 38. Qxc4 Qc8 39. Qe2 Nc6 40. R6d5 Nd4 41.
R1xd4 exd4 42. e5 Qe6 43. Qe4 fxe5 44. Rxe5 Qa6+ 45. Kg1 d3 46. Re6 Qa1+ 47.
Kg2 Rf6 48. Rxf6 Qxf6 49. Qxd3 Qe6 50. f3 Bd6 51. Kf1 Kf8 52. Qh7 Ke8 53. Qd3
Kd8 54. Qa6 Qd5 55. Qb6+ Kd7 56. Qa7+ Ke6 57. Qe3+ Qe5 58. Qd3 Bc5 59. Qg6+ Kd5
60. Qf7+ Qe6 61. Qg7 Kc6 62. Qh8 Qe3 63. Qa8+ Kd6 64. Qb8+ Kd5 65. Qd8+ Ke5 66.
Qc7+ Kd4 67. Qc6 Kc3 68. Kg2 Qg1+ 69. Kh3 Kb2 70. Qa6 Qh1+ 71. Kg3 Qh4+ 72. Kg2
Qf2+ 73. Kh3 Qxf3+ 74. Kh2 Bf2 75. Qa2+ Kc3 76. Qd2+ Kxb3 77. Qa2+ Kc3 78. Qa3+
b3 79. Qxb3+ Kxb3 1/2-1/2

[Event "26th WSCC 2016 Open 50+"]
[Site "Marianske Lazne, Czech Republic - Hotel Cristal and Continental"]
[Date "2016.11.27"]
[Round "8.41"]
[White "Gollain, Marc"]
[Black "Polanyi, Peter"]
[Result "1-0"]
[WhiteElo "2097"]
[BlackElo "1990"]
[PlyCount "61"]
[EventDate "2016.11.19"]

1. e4 c5 2. Nc3 a6 3. f4 b5 4. Nf3 Nc6 5. d3 e6 6. g3 Bb7 7. Bg2 Nge7 8. O-O g6
9. Be3 d6 10. f5 gxf5 11. Ng5 h5 12. Bf3 Bh6 13. Bxh5 Bxg5 14. Bxg5 Nd4 15.
exf5 e5 16. Ne4 Bxe4 17. dxe4 Nxc2 18. Bxf7+ Kxf7 19. Qxc2 Qg8 20. Qd2 Rd8 21.
Rad1 Rd7 22. f6 Nc8 23. h4 Nb6 24. Qa5 Qb8 25. Qxa6 b4 26. Qe2 Qb7 27. b3 Qc6
28. Qg4 Na8 29. Bh6 Rxh6 30. Qg7+ Ke6 31. f7 1-0

[Event "26th WSCC 2016 Open 50+"]
[Site "Marianske Lazne, Czech Republic - Hotel Cristal and Continental"]
[Date "2016.11.27"]
[Round "8.42"]
[White "Valet, Richard"]
[Black "Levrand, Roland"]
[Result "0-1"]
[WhiteElo "1943"]
[BlackElo "2097"]
[PlyCount "84"]
[EventDate "2016.11.19"]

1. e4 c5 2. Nc3 a6 3. g3 b5 4. Bg2 Bb7 5. d3 e6 6. f4 b4 7. Nce2 d5 8. e5 h5 9.
Nf3 Nh6 10. c3 Nf5 11. d4 Nc6 12. O-O Be7 13. a3 Qb6 14. Kh1 b3 15. a4 O-O-O
16. Ra3 c4 17. Ra1 h4 18. g4 h3 19. gxf5 hxg2+ 20. Kxg2 exf5 21. Be3 Rdg8 22.
Ng3 g6 23. Rh1 Nd8 24. h4 Bc6 25. Qd2 Rh6 26. Rh3 Rgh8 27. h5 gxh5 28. Nxf5
Rg6+ 29. Kf2 Bf8 30. N5h4 Rg4 31. f5 Bd7 32. Rh2 Rhg8 33. Rf1 Bxa4 34. Bg5
R8xg5 35. Nxg5 Bh6 36. Nhf3 f6 37. exf6 Nf7 38. Rxh5 Qxf6 39. Nh7 Qg7 40. Nhg5
Nxg5 41. Nxg5 Bxg5 42. Qe2 Bh4+ 0-1

[Event "26th WSCC 2016 Open 50+"]
[Site "Marianske Lazne, Czech Republic - Hotel Cristal and Continental"]
[Date "2016.11.27"]
[Round "8.43"]
[White "Hrabal, Ivan"]
[Black "Liberchuk, Ilia"]
[Result "1/2-1/2"]
[WhiteElo "1932"]
[BlackElo "2076"]
[PlyCount "81"]
[EventDate "2016.11.19"]

1. e3 d5 2. f4 Nf6 3. Nf3 e6 4. b3 Be7 5. Bb2 O-O 6. Ne5 Nfd7 7. Be2 Nxe5 8.
fxe5 Nd7 9. O-O f5 10. c4 c6 11. d4 Rf7 12. Nc3 a6 13. Qd3 g6 14. Bf3 Nf8 15.
Kh1 h5 16. g3 Nh7 17. Rae1 Ng5 18. Ne2 Nxf3 19. Rxf3 g5 20. Rg1 Rg7 21. Qd1 Bd7
22. Bc3 b5 23. c5 a5 24. Nc1 Bc8 25. Rf2 b4 26. Be1 Qe8 27. Rd2 Ba6 28. Bf2 Bb5
29. Nd3 Qg6 30. h3 Bd8 31. Kh2 Bxd3 32. Rxd3 Rga7 33. Be1 Be7 34. Rg2 Bf8 35.
Qe2 Bh6 36. g4 fxg4 37. hxg4 h4 38. Rd1 Rb7 39. Qd3 Qxd3 40. Rxd3 Bf8 41. Rf2
1/2-1/2

[Event "26th WSCC 2016 Open 50+"]
[Site "Marianske Lazne, Czech Republic - Hotel Cristal and Continental"]
[Date "2016.11.27"]
[Round "8.44"]
[White "Hoffmann, Michael"]
[Black "Tesar, Jan"]
[Result "0-1"]
[WhiteElo "1920"]
[BlackElo "2072"]
[PlyCount "50"]
[EventDate "2016.11.19"]

1. d4 d5 2. Nf3 Nc6 3. e3 Bf5 4. c3 Nf6 5. Be2 e6 6. Nbd2 Bd6 7. Nh4 Bg6 8.
Nxg6 hxg6 9. g3 Qd7 10. c4 e5 11. cxd5 Nxd5 12. dxe5 Bb4 13. a3 Ba5 14. Bg4 Qe7
15. b4 Bb6 16. Nc4 Rd8 17. Qb3 Nxe5 18. Nxe5 Qxe5 19. Bb2 Qe4 20. f3 Qe7 21.
O-O-O Qxe3+ 22. Qxe3+ Bxe3+ 23. Kb1 f5 24. Rde1 Kf7 25. h4 fxg4 0-1

[Event "26th WSCC 2016 Open 50+"]
[Site "Marianske Lazne, Czech Republic - Hotel Cristal and Continental"]
[Date "2016.11.27"]
[Round "8.45"]
[White "Canonne, Antoine"]
[Black "Schneider, Alexander"]
[Result "0-1"]
[WhiteElo "1887"]
[BlackElo "2058"]
[PlyCount "62"]
[EventDate "2016.11.19"]

1. e4 c5 2. Nc3 Nc6 3. f4 e6 4. Nf3 d5 5. Bb5 Nge7 6. Bxc6+ Nxc6 7. d3 Be7 8.
O-O O-O 9. Bd2 a6 10. Qe1 b5 11. Rc1 b4 12. Nd1 Bb7 13. Nf2 Qb6 14. Kh1 a5 15.
c4 Rad8 16. cxd5 exd5 17. e5 c4 18. dxc4 dxc4 19. Be3 Qb5 20. Qe2 Ba6 21. Qc2
b3 22. axb3 cxb3 23. Qc3 a4 24. Rg1 Rc8 25. Nd4 Nxd4 26. Qxd4 Rxc1 27. Rxc1 Rd8
28. Qa7 Bf8 29. e6 fxe6 30. Ne4 Bb7 31. Rg1 Bxe4 0-1

[Event "26th WSCC 2016 Open 50+"]
[Site "Marianske Lazne, Czech Republic - Hotel Cristal and Continental"]
[Date "2016.11.27"]
[Round "8.46"]
[White "Siebenburger, Vlastimil"]
[Black "Sielicki, Tomasz"]
[Result "0-1"]
[WhiteElo "2048"]
[BlackElo "1947"]
[PlyCount "58"]
[EventDate "2016.11.19"]

1. d4 Nf6 2. c4 e6 3. Nc3 Bb4 4. e3 O-O 5. Bd3 d5 6. Nf3 b6 7. O-O Ba6 8. cxd5
exd5 9. a3 Be7 10. b4 Bxd3 11. Qxd3 Nbd7 12. Ne5 Nxe5 13. dxe5 Nd7 14. Qxd5
Nxe5 15. e4 Bf6 16. Qb3 Qd3 17. Rd1 Qc4 18. Qc2 Rad8 19. Bd2 Nd3 20. Ra2 Nxf2
21. Kxf2 Bxc3 22. Ke3 Rfe8 23. Bxc3 Rxd1 24. Qxd1 Qxa2 25. Qg4 f6 26. Bxf6
Qxa3+ 27. Kf2 Qa2+ 28. Ke3 Qb3+ 29. Kf2 Qf7 0-1

[Event "26th WSCC 2016 Open 50+"]
[Site "Marianske Lazne, Czech Republic - Hotel Cristal and Continental"]
[Date "2016.11.27"]
[Round "8.47"]
[White "Randak, Pavel"]
[Black "Elias, Miroslav"]
[Result "1/2-1/2"]
[WhiteElo "1826"]
[BlackElo "2043"]
[PlyCount "52"]
[EventDate "2016.11.19"]

1. e4 c6 2. d4 d5 3. e5 Bf5 4. h4 h6 5. g4 Be4 6. f3 Bh7 7. e6 fxe6 8. Bd3 Qd6
9. Bxh7 Rxh7 10. Qd3 Nf6 11. f4 c5 12. dxc5 Qxc5 13. Be3 Qd6 14. Nc3 Nc6 15.
Nb5 Qb8 16. Qg6+ Kd7 17. Ne2 Rh8 18. g5 Qe8 19. Qd3 hxg5 20. fxg5 Ne4 21. O-O-O
Nd6 22. Nf4 Qf7 23. Ng6 Rh5 24. Nf4 Rh8 25. Ng6 Rh5 26. Nf4 Rh8 1/2-1/2

[Event "26th WSCC 2016 Open 50+"]
[Site "Marianske Lazne, Czech Republic - Hotel Cristal and Continental"]
[Date "2016.11.27"]
[Round "8.48"]
[White "Juricek, Stanislav"]
[Black "Sladek, Jaroslav"]
[Result "1-0"]
[WhiteElo "2043"]
[BlackElo "1881"]
[PlyCount "83"]
[EventDate "2016.11.19"]

1. e4 e5 2. f4 d5 3. exd5 c6 4. d4 exd4 5. Qxd4 cxd5 6. Nc3 Nf6 7. Nf3 Nc6 8.
Bb5 Bd7 9. Bxc6 bxc6 10. O-O Be7 11. Na4 O-O 12. b4 a5 13. a3 axb4 14. axb4 c5
15. Nxc5 Rxa1 16. Qxa1 Ne4 17. Qd4 Bb5 18. Re1 Nxc5 19. bxc5 Bc4 20. Bb2 Bf6
21. Ne5 Qc7 22. Qf2 Be7 23. Nxc4 dxc4 24. Bd4 Rd8 25. Qe3 Bf8 26. c3 Rc8 27.
Rb1 Qd7 28. h3 Re8 29. Qf3 Qf5 30. Rb5 h6 31. Kh2 Rc8 32. Qg4 Qxg4 33. hxg4 g6
34. Kg3 f5 35. gxf5 gxf5 36. c6 Rxc6 37. Rxf5 Be7 38. Kf3 Bf8 39. g4 Re6 40.
Rf6 Rxf6 41. Bxf6 Kf7 42. Be5 1-0

[Event "26th WSCC 2016 Open 50+"]
[Site "Marianske Lazne, Czech Republic - Hotel Cristal and Continental"]
[Date "2016.11.27"]
[Round "8.49"]
[White "Dovzhenko, Viktor"]
[Black "Wilkinson, Ian"]
[Result "1-0"]
[WhiteElo "2171"]
[BlackElo "1885"]
[PlyCount "185"]
[EventDate "2016.11.19"]

1. e4 e5 2. Nf3 Nf6 3. Nxe5 d6 4. Nf3 Nxe4 5. d4 d5 6. Be2 Bd6 7. O-O O-O 8. c4
dxc4 9. Qc2 Bf5 10. Qxc4 Nd7 11. Nc3 Ndf6 12. Nb5 Be6 13. Qc2 Re8 14. Bd3 Bd5
15. Re1 h6 16. Nxd6 cxd6 17. Bf4 Qd7 18. h3 Rac8 19. Qd1 a6 20. a3 Rc6 21. Rc1
Rec8 22. Rxc6 Qxc6 23. Qb1 b5 24. Rc1 Qb7 25. Rxc8+ Qxc8 26. Qc2 Qb7 27. Ne1
Kf8 28. f3 Ng5 29. Bxd6+ Ke8 30. Be5 Nh5 31. f4 Ne6 32. Qf2 Qe7 33. Nc2 Nf6 34.
Ne3 Bb7 35. Nf5 Qd7 36. Nxg7+ Nxg7 37. Bxf6 Nh5 38. Qe2+ Qe6 39. Qxe6+ fxe6 40.
Be5 Ng3 41. Kf2 Ne4+ 42. Kg1 Kf7 43. g4 Nd2 44. Kf2 Nc4 45. Bxc4 bxc4 46. Kg3
Kg6 47. Bc7 Bc6 48. Bd8 Bb7 49. Kf2 h5 50. Ke3 Bg2 51. gxh5+ Kxh5 52. h4 Kg4
53. Bg5 Bh1 54. Kd2 Bg2 55. Kc3 Bf1 56. Kb4 Be2 57. Kc5 Kf5 58. d5 exd5 59.
Kxd5 Kg4 60. Ke5 Bd3 61. Be7 Bg6 62. Bb4 Bd3 63. Bd2 Bg6 64. Kf6 Bd3 65. f5
Kxh4 66. Ke6 Kh5 67. f6 c3 68. bxc3 Kg6 69. Be3 Bc4+ 70. Ke5 Bb3 71. Bd4 Kf7
72. Bc5 Be6 73. Be7 Ba2 74. Kd4 Be6 75. c4 Ke8 76. c5 Kd7 77. Ke5 Bf7 78. Kf5
Kc6 79. Kg5 Kd7 80. Kh6 Bd5 81. Kg7 Ke8 82. c6 Bxc6 83. f7+ Kxe7 84. f8=Q+ Ke6
85. Qf6+ Kd5 86. Kf7 Bb5 87. Ke7 Kc4 88. Kd6 Kb3 89. Kc5 Kxa3 90. Qc3+ Ka2 91.
Qb4 Ka1 92. Kd4 Be8 93. Kc3 1-0

[Event "26th WSCC 2016 Open 50+"]
[Site "Marianske Lazne, Czech Republic - Hotel Cristal and Continental"]
[Date "2016.11.27"]
[Round "8.50"]
[White "Arias Castanedo, Jacinto"]
[Black "Robertson, Ian C"]
[Result "1-0"]
[WhiteElo "1857"]
[BlackElo "2127"]
[PlyCount "78"]
[EventDate "2016.11.19"]

1. d4 g6 2. e3 Bg7 3. f4 c5 4. c3 Qc7 5. Nf3 b6 6. Bd3 Bb7 7. O-O Nf6 8. Nbd2
d6 9. Qe2 Nc6 10. b3 O-O 11. Bb2 a5 12. a3 Nd7 13. e4 e5 14. fxe5 dxe5 15. d5
Ne7 16. c4 Nc8 17. Rf2 Nd6 18. Nf1 Rae8 19. Ng3 Bc8 20. h4 Nf6 21. Nh2 h5 22.
Raf1 Ng4 23. Nxg4 Bxg4 24. Qd2 f5 25. Bc1 f4 26. Nh1 Qe7 27. g3 Bh6 28. Qb2 Bh3
29. Re1 fxg3 30. Rxf8+ Qxf8 31. Bxh6 Qxh6 32. Nxg3 Qf4 33. Qh2 Rf8 34. Nf5 Qg4+
35. Kf2 Qxh4+ 36. Qg3 Qxg3+ 37. Kxg3 gxf5 38. Kxh3 fxe4 39. Bxe4 Rf4 {Black
Time Zero} 1-0

[Event "26th WSCC 2016 Open 50+"]
[Site "Marianske Lazne, Czech Republic - Hotel Cristal and Continental"]
[Date "2016.11.27"]
[Round "8.51"]
[White "Vieira, Alexandre Letizio"]
[Black "Prueske, Wolfgang"]
[Result "1/2-1/2"]
[WhiteElo "1835"]
[BlackElo "2093"]
[PlyCount "83"]
[EventDate "2016.11.19"]

1. e4 c6 2. d4 d5 3. exd5 cxd5 4. Bf4 Nc6 5. c3 Nf6 6. Bd3 g6 7. Nd2 Bg7 8.
Ngf3 O-O 9. h3 Nh5 10. Bh2 Bh6 11. O-O Nf4 12. Bc2 Bf5 13. Bxf5 gxf5 14. Bxf4
Bxf4 15. Nb3 e6 16. Nc5 b6 17. Nd3 Bh6 18. Qe2 Rc8 19. Rfe1 Rc7 20. Rad1 Kh8
21. Kh1 Rg8 22. Rg1 Qe8 23. Rde1 Re7 24. b4 f6 25. b5 Nd8 26. Nb4 Bf8 27. a4
Qd7 28. Qd3 Reg7 29. Nc2 Bd6 30. Ne3 Bf4 31. c4 Bxe3 32. Rxe3 dxc4 33. Qxc4 Qf7
34. Qd3 Qh5 35. Kh2 Rd7 36. Qc3 f4 37. Re4 Qf5 38. Qe1 Rdg7 39. Qe2 Rc7 40. Nh4
Qg5 41. Nf3 Qf5 42. Nh4 1/2-1/2

[Event "26th WSCC 2016 Open 50+"]
[Site "Marianske Lazne, Czech Republic - Hotel Cristal and Continental"]
[Date "2016.11.27"]
[Round "8.52"]
[White "Yasin, Hur"]
[Black "Wolff, Peter"]
[Result "1-0"]
[WhiteElo "2075"]
[BlackElo "1912"]
[PlyCount "63"]
[EventDate "2016.11.19"]

1. e4 c6 2. d4 d5 3. e5 Bf5 4. Nf3 e6 5. Be2 Ne7 6. O-O Bg6 7. Nbd2 Nd7 8. Nb3
Nf5 9. a4 a5 10. Bd2 Be7 11. Qe1 b6 12. c4 dxc4 13. Bxc4 O-O 14. g4 Nh4 15.
Nxh4 Bxh4 16. Qe2 Be7 17. f4 Bb4 18. f5 exf5 19. gxf5 Bxd2 20. fxg6 Qg5+ 21.
Kh1 Bb4 22. gxf7+ Kh8 23. Qe4 Nb8 24. Rf5 Qh6 25. Rg1 Be7 26. Qf3 g6 27. Qg4
Na6 28. Rf3 Bh4 29. Rh3 g5 30. Qf5 Nc7 31. e6 b5 32. Rxh4 1-0

[Event "26th WSCC 2016 Open 50+"]
[Site "Marianske Lazne, Czech Republic - Hotel Cristal and Continental"]
[Date "2016.11.27"]
[Round "8.53"]
[White "Dobes, Ludek"]
[Black "Koblasa, Josef"]
[Result "1/2-1/2"]
[WhiteElo "2038"]
[BlackElo "1896"]
[PlyCount "41"]
[EventDate "2016.11.19"]

1. d4 Nf6 2. Nf3 g6 3. g3 Bg7 4. Bg2 O-O 5. O-O d5 6. c4 c6 7. cxd5 cxd5 8. Nc3
b6 9. Ne5 Bb7 10. Bf4 Nbd7 11. Rc1 e6 12. Qa4 Nxe5 13. Bxe5 Qd7 14. Qa3 Ne8 15.
Bxg7 Kxg7 16. Rc2 Nd6 17. b3 Rfc8 18. Rfc1 Rc6 19. Qb2 Rac8 20. Nd1 f6 21. e3
1/2-1/2

[Event "26th WSCC 2016 Open 50+"]
[Site "Marianske Lazne, Czech Republic - Hotel Cristal and Continental"]
[Date "2016.11.27"]
[Round "8.54"]
[White "Paldus, Petr"]
[Black "Mazzamuto, Nicola"]
[Result "0-1"]
[WhiteElo "2031"]
[BlackElo "1903"]
[PlyCount "120"]
[EventDate "2016.11.19"]

1. e4 b6 2. d4 Bb7 3. Nc3 e6 4. Nf3 g6 5. Bd3 Bg7 6. Be3 Ne7 7. Qd2 h6 8. a3 d6
9. O-O Nd7 10. Ne2 a6 11. c4 c5 12. b4 g5 13. Rab1 f5 14. exf5 exf5 15. dxc5
dxc5 16. bxc5 Bxf3 17. gxf3 Ne5 18. Qc2 Qxd3 19. Qxd3 Nxd3 20. cxb6 Nc6 21. f4
Nxf4 22. Nxf4 gxf4 23. Bxf4 Kf7 24. b7 Rae8 25. Rfd1 Be5 26. Bxe5 Rxe5 27. Rd6
Nb8 28. Rbb6 h5 29. Kg2 Ke7 30. Kf3 Rd8 31. Rh6 Kd7 32. Rxh5 Kc7 33. Rb3 Rd7
34. Rh8 Rd8 35. Rh6 Rc5 36. Rh7+ Rd7 37. Rh4 Rc6 38. Rf4 Rf7 39. c5 Rxc5 40. a4
Nc6 41. h4 Kb8 42. h5 Rxb7 43. Rxb7+ Kxb7 44. h6 Ne5+ 45. Kg3 Ng6 46. h7 Kc7
47. Rh4 Nh8 48. Rh6 a5 49. Ra6 Kb7 50. Rf6 Rc3+ 51. f3 Rc7 52. Rh6 Rf7 53. Kf4
Kc7 54. Ke5 f4 55. Kd5 Rf5+ 56. Kc4 Rf7 57. Rh5 Kb6 58. Kd5 Rd7+ 59. Kc4 Rc7+
60. Kd5 Rc5+ 0-1

[Event "26th WSCC 2016 Open 50+"]
[Site "Marianske Lazne, Czech Republic - Hotel Cristal and Continental"]
[Date "2016.11.27"]
[Round "8.55"]
[White "Becvar, Miroslav"]
[Black "Krutina, Miroslav"]
[Result "1/2-1/2"]
[WhiteElo "1834"]
[BlackElo "1983"]
[PlyCount "45"]
[EventDate "2016.11.19"]

1. e4 g6 2. d4 Bg7 3. Nc3 d6 4. Bg5 a6 5. Nf3 h6 6. Be3 Nd7 7. Bd3 b5 8. Ne2 c5
9. c3 Bb7 10. O-O e6 11. Ng3 Ne7 12. Re1 Qc7 13. Rc1 c4 14. Bc2 g5 15. Nh5 Bf8
16. a4 Ng8 17. e5 Ne7 18. Qe2 dxe5 19. Nxe5 Nxe5 20. Nf6+ Kd8 21. dxe5 Nd5 22.
Rcd1 Kc8 23. axb5 1/2-1/2

[Event "26th WSCC 2016 Open 50+"]
[Site "Marianske Lazne, Czech Republic - Hotel Cristal and Continental"]
[Date "2016.11.27"]
[Round "8.56"]
[White "Shaw, Meyrick"]
[Black "Panos, Jan"]
[Result "0-1"]
[WhiteElo "1947"]
[BlackElo "1845"]
[PlyCount "68"]
[EventDate "2016.11.19"]

1. d4 d5 2. Bf4 c6 3. c3 Nf6 4. e3 Bf5 5. Nd2 e6 6. Be2 Be7 7. Ngf3 Nbd7 8. c4
Nh5 9. Ne5 Nxf4 10. exf4 Nxe5 11. fxe5 dxc4 12. Nxc4 Bb4+ 13. Kf1 O-O 14. Qb3
Be7 15. Qxb7 Be4 16. Rd1 Bg5 17. Qb4 Bc2 18. Rd2 Bxd2 19. Qxd2 Be4 20. Nd6 Bd5
21. b3 Qh4 22. f3 f6 23. Bd3 fxe5 24. dxe5 Qh5 25. Qc3 Rxf3+ 26. Ke1 Rxd3 27.
Qxd3 Qxe5+ 28. Kd2 Qxd6 29. Rf1 Rf8 30. Rxf8+ Qxf8 31. g3 Qf2+ 32. Kc3 Qxa2 33.
Kd4 Qxb3 34. Qa6 Qb6+ 0-1

[Event "26th WSCC 2016 Open 50+"]
[Site "Marianske Lazne, Czech Republic - Hotel Cristal and Continental"]
[Date "2016.11.27"]
[Round "8.57"]
[White "Jesensky, Jaromir"]
[Black "Marsalek, Lubos"]
[Result "0-1"]
[WhiteElo "1500"]
[BlackElo "1927"]
[PlyCount "40"]
[EventDate "2016.11.19"]

1. e4 c5 2. Nf3 Nc6 3. d4 cxd4 4. Nxd4 Nf6 5. Nc3 d6 6. Bg5 e6 7. Qd2 Be7 8.
O-O-O Nxd4 9. Qxd4 O-O 10. f4 Qa5 11. Kb1 Rd8 12. Be2 h6 13. Bh4 Bd7 14. Qe3
Bc6 15. e5 dxe5 16. Qxe5 Qb6 17. Rhg1 Bd6 18. Rxd6 Qxg1+ 19. Nd1 Rxd6 20. Qxd6
Ne4 0-1

[Event "26th WSCC 2016 Open 50+"]
[Site "Marianske Lazne, Czech Republic - Hotel Cristal and Continental"]
[Date "2016.11.27"]
[Round "8.58"]
[White "Habada, Jindrich"]
[Black "Danek, Pavel"]
[Result "1-0"]
[WhiteElo "1799"]
[BlackElo "1917"]
[PlyCount "125"]
[EventDate "2016.11.19"]

1. e4 e6 2. d4 d5 3. Nd2 dxe4 4. Nxe4 Nd7 5. Nf3 Be7 6. Bd3 Ngf6 7. Nxf6+ Nxf6
8. O-O O-O 9. Ne5 c5 10. dxc5 Bxc5 11. Qe2 Qc7 12. Bf4 Bd6 13. Rad1 Rd8 14. Bg3
g6 15. Rfe1 Nh5 16. Bh4 Be7 17. Bxe7 Qxe7 18. Qf3 Qf6 19. Qxf6 Nxf6 20. Bxg6
Rf8 21. Bd3 b6 22. Bb5 Bb7 23. Nd7 Nxd7 24. Rxd7 Rab8 25. Red1 a6 26. Bd3 Kg7
27. f3 Rfd8 28. Be2 Rxd7 29. Rxd7 b5 30. Kf2 Bd5 31. Ra7 Rc8 32. Bd3 Bxa2 33.
Rxa6 Bc4 34. Ke3 Rc5 35. Bxc4 Rxc4 36. Kd3 e5 37. Rd6 Rf4 38. Rd5 Rf5 39. Ke4
Rg5 40. g4 f5+ 41. gxf5 Rg2 42. Kxe5 Re2+ 43. Kf4 b4 44. Rb5 Rxh2 45. Kg3 Rxc2
46. Rxb4 Kf6 47. Kf4 Rc6 48. Re4 Rc5 49. Re6+ Kf7 50. Rb6 h5 51. Kg5 h4 52.
Rb7+ Ke8 53. Kxh4 Rxf5 54. Kg4 Rd5 55. f4 Kf8 56. f5 Rd6 57. Kg5 Kg8 58. f6 Rd2
59. b4 Rg2+ 60. Kf5 Rf2+ 61. Ke6 Re2+ 62. Kd6 Kf8 63. b5 1-0

[Event "26th WSCC 2016 Open 50+"]
[Site "Marianske Lazne, Czech Republic - Hotel Cristal and Continental"]
[Date "2016.11.27"]
[Round "8.59"]
[White "Frost, Peter"]
[Black "Vasse, Albert"]
[Result "1-0"]
[WhiteElo "1916"]
[BlackElo "1826"]
[PlyCount "155"]
[EventDate "2016.11.19"]

1. e4 c5 2. Nf3 Nc6 3. d4 cxd4 4. Nxd4 g6 5. c4 Bg7 6. Be3 Nf6 7. Nc3 Ng4 8.
Qxg4 Nxd4 9. Qd1 Ne6 10. Qd2 O-O 11. Be2 b6 12. O-O Nc5 13. f3 a5 14. Rad1 d6
15. Bh6 Bb7 16. Bxg7 Kxg7 17. Qe3 Qc7 18. Nd5 Bxd5 19. exd5 Nd7 20. Qd4+ Kg8
21. Rfe1 Qc5 22. Bf1 Rfe8 23. f4 Rac8 24. b3 Kf8 25. Re3 Qxd4 26. Rxd4 Rc7 27.
g3 Nf6 28. Rd1 Rc5 29. Rde1 h5 30. h3 Rc7 31. Kf2 Rb8 32. Kf3 b5 33. g4 hxg4+
34. hxg4 bxc4 35. Bxc4 Rbb7 36. g5 Nd7 37. Rxe7 Ne5+ 38. R7xe5 dxe5 39. fxe5
Rb4 40. a4 Rcxc4 41. bxc4 Rxc4 42. Re4 Rc3+ 43. Kf4 Rd3 44. d6 Rd1 45. Rc4 Ke8
46. Rc8+ Kd7 47. Rc7+ Ke8 48. Ke4 Ra1 49. Rc4 Rg1 50. Rc8+ Kd7 51. Rc7+ Ke8 52.
Re7+ Kf8 53. Kd5 Rxg5 54. Kc6 Rg2 55. Kd7 Re2 56. Re8+ Kg7 57. e6 fxe6 58. Rxe6
Rf2 59. Kd8 Rd2 60. d7 Kf7 61. Re7+ Kf8 62. Re1 Rc2 63. Re5 Rc4 64. Rxa5 Kf7
65. Rd5 g5 66. a5 g4 67. a6 g3 68. Ra5 g2 69. Ra1 Ra4 70. Rg1 Rxa6 71. Rxg2 Ra1
72. Re2 Rc1 73. Re4 Rc2 74. Rf4+ Kg7 75. Ke7 Re2+ 76. Kd6 Rd2+ 77. Ke6 Re2+ 78.
Kd5 1-0

[Event "26th WSCC 2016 Open 50+"]
[Site "Marianske Lazne, Czech Republic - Hotel Cristal and Continental"]
[Date "2016.11.27"]
[Round "8.60"]
[White "Kylar, Miroslav"]
[Black "Urban, Zdenek"]
[Result "0-1"]
[WhiteElo "1851"]
[BlackElo "2205"]
[PlyCount "86"]
[EventDate "2016.11.19"]

1. d4 d5 2. c4 c6 3. cxd5 cxd5 4. Nc3 Nf6 5. Nf3 Nc6 6. Bf4 a6 7. e3 g6 8. Bd3
Bg7 9. Ne5 O-O 10. Nxc6 bxc6 11. Be5 Nd7 12. Bxg7 Kxg7 13. O-O e5 14. dxe5 Nxe5
15. Be2 Rb8 16. Qd4 Qf6 17. Na4 a5 18. a3 Bf5 19. Rac1 Rfe8 20. Rc5 Nd7 21.
Qxf6+ Nxf6 22. Rxa5 Bc2 23. Rc1 Bxa4 24. Rxa4 Rxb2 25. Bf3 Reb8 26. Rd4 Ra2 27.
Rb4 Ra8 28. g4 Nd7 29. Bd1 Ne5 30. Ra4 Rb8 31. Rb4 Rxb4 32. axb4 Nd3 33. Rb1
Nxf2 34. b5 cxb5 35. Bf3 Nh3+ 36. Kh1 Ra3 37. Bxd5 Rxe3 38. Rxb5 Nf4 39. Rb1
Nxd5 40. Kg2 g5 41. Rb5 Rd3 42. Kf2 h6 43. Ke2 Nc3+ 0-1

[Event "26th WSCC 2016 Open 50+"]
[Site "Marianske Lazne, Czech Republic - Hotel Cristal and Continental"]
[Date "2016.11.27"]
[Round "8.61"]
[White "Hewson, Brian Wr"]
[Black "Serafim Junior, Arnor"]
[Result "1-0"]
[WhiteElo "2083"]
[BlackElo "1846"]
[PlyCount "69"]
[EventDate "2016.11.19"]

1. d4 c5 2. d5 d6 3. c4 Nf6 4. Nc3 g6 5. e4 Bg7 6. Be2 O-O 7. Nf3 e6 8. O-O
exd5 9. cxd5 Re8 10. Nd2 a6 11. a4 Nbd7 12. h3 b6 13. Re1 Rb8 14. Qc2 Qc7 15.
f4 Bb7 16. Nc4 Ba8 17. Ne3 Nf8 18. Bxa6 Nh5 19. Nc4 Qe7 20. e5 Qh4 21. Qf2
Qxf2+ 22. Kxf2 dxe5 23. fxe5 Rbd8 24. g4 Nf6 25. exf6 Bxf6 26. Bf4 Bh4+ 27. Bg3
Bxg3+ 28. Kxg3 Bxd5 29. Rad1 Be6 30. Rxd8 Rxd8 31. Rd1 Ra8 32. Bb5 Rb8 33. Rd6
Bxc4 34. Bxc4 Kg7 35. Nd5 1-0

[Event "26th WSCC 2016 Open 50+"]
[Site "Marianske Lazne, Czech Republic - Hotel Cristal and Continental"]
[Date "2016.11.27"]
[Round "8.62"]
[White "Melkeraen, Terje"]
[Black "Lavrincik, Pavel"]
[Result "0-1"]
[WhiteElo "2011"]
[BlackElo "1837"]
[PlyCount "68"]
[EventDate "2016.11.19"]

1. d4 d6 2. e4 Nf6 3. f3 g6 4. c4 e5 5. Ne2 exd4 6. Nxd4 Bg7 7. Nc3 Nc6 8. Be3
O-O 9. Be2 Nxd4 10. Bxd4 Be6 11. Qd2 c6 12. O-O d5 13. cxd5 cxd5 14. e5 Nd7 15.
f4 Rc8 16. Bf3 Nc5 17. Rad1 a6 18. b4 Ne4 19. Bxe4 dxe4 20. Nxe4 Bf5 21. Nd6
Rc2 22. Qe3 Bg4 23. Rd2 Rxd2 24. Qxd2 b5 25. Rc1 Qh4 26. Qe3 Be6 27. Rc5 Bh6
28. g3 Qg4 29. h4 Qd1+ 30. Kf2 Qh1 31. Qe4 Qd1 32. Be3 Bg4 33. Rc1 Qe2+ 34. Kg1
Bf3 0-1

[Event "26th WSCC 2016 Open 50+"]
[Site "Marianske Lazne, Czech Republic - Hotel Cristal and Continental"]
[Date "2016.11.27"]
[Round "8.63"]
[White "Galvan Sarmiento, Jose Luis"]
[Black "De Meester, Johan"]
[Result "1-0"]
[WhiteElo "1933"]
[BlackElo "1828"]
[PlyCount "131"]
[EventDate "2016.11.19"]

1. d4 d5 2. Bf4 Bf5 3. Nf3 e6 4. e3 Bd6 5. Bg3 Nf6 6. Ne5 Nbd7 7. Nd2 Bxe5 8.
dxe5 Ne4 9. Nxe4 Bxe4 10. f3 Bg6 11. Bd3 Qg5 12. f4 Qe7 13. O-O Nc5 14. Be2 O-O
15. Rc1 Ne4 16. Be1 Qc5 17. Qd4 Qb6 18. Qxb6 axb6 19. a3 f6 20. exf6 gxf6 21.
g4 Be8 22. Bd3 Nd6 23. Rf3 Bb5 24. Rh3 Bxd3 25. cxd3 c5 26. Rh6 Kg7 27. Rh5 Kg6
28. Kf2 Rac8 29. Kf3 h6 30. Rc2 Rf7 31. e4 f5 32. exd5 exd5 33. h3 Re8 34. Bf2
d4 35. b4 Rc8 36. Re2 Re8 37. Rc2 Rc8 38. Rb2 Rf6 39. Rh4 Ra8 40. bxc5 bxc5 41.
gxf5+ Rxf5 42. Rb6 Ra6 43. Rg4+ Kf7 44. Rxa6 bxa6 45. Rg1 Nb5 46. a4 Nc3 47. a5
Nd5 48. Bg3 Nb4 49. Ke4 Ke6 50. Rb1 h5 51. Be1 Nd5 52. Bd2 Rf7 53. Rb8 Re7 54.
Rh8 Nc3+ 55. Kf3 Nb1 56. Bc1 Kd6 57. f5 c4 58. dxc4 Kc5 59. Rb8 Kxc4 60. Rxb1
Re5 61. Kf4 Rxa5 62. f6 Ra2 63. Kg5 Rg2+ 64. Kf5 d3 65. Bf4 d2 66. f7 1-0